Camping trip (The) / (Record no. 102650)
[ view plain ]
| 000 -LEADER | |
|---|---|
| fixed length control field | 00565nam a2200169 a 4500 |
| 005 - DATE AND TIME OF LATEST TRANSACTION | |
| control field | 20140412111240.0 |
| 008 - FIXED-LENGTH DATA ELEMENTS--GENERAL INFORMATION | |
| fixed length control field | 001117s19uu xx 00 eng d |
| 050 ## - LIBRARY OF CONGRESS CALL NUMBER | |
| Classification number | ER |
| Item number | Ca15 |
| 100 ## - MAIN ENTRY--PERSONAL NAME | |
| Personal name | Robinet, Ralph F. |
| 245 ## - TITLE STATEMENT | |
| Title | Camping trip (The) / |
| Statement of responsibility, etc | Ralph F. Robinet, Paul W. Bell, Pauline M. Rojas ; illustrated by Robert Kresin. |
| 260 ## - PUBLICATION, DISTRIBUTION, ETC. (IMPRINT) | |
| Place of publication, distribution, etc | Lexington, MA : |
| Name of publisher, distributor, etc | D. C. Heath & Co, |
| Date of publication, distribution, etc | 1970. |
| 300 ## - PHYSICAL DESCRIPTION | |
| Extent | 31 p. ; ill. |
| 440 ## - SERIES STATEMENT/ADDED ENTRY--TITLE | |
| Title | Miami Linguistic Readers, Plateau, level 4-6 |
| 650 ## - SUBJECT ADDED ENTRY--TOPICAL TERM | |
| Topical term or geographic name as entry element | Reading |
| 650 ## - SUBJECT ADDED ENTRY--TOPICAL TERM | |
| Topical term or geographic name as entry element | English language -- reading materials |
| Withdrawn status | Lost status | Damaged status | Use restrictions | Home library | Current library | Shelving location | Date acquired | Source of acquisition | Total Checkouts | Full call number | Barcode | Date last seen | Price effective from | Koha item type |
|---|---|---|---|---|---|---|---|---|---|---|---|---|---|---|
| Elizalde Library | Elizalde Library | Easy Reading Section | 11/17/2000 | ER Ca15 | E2353 | 04/12/2014 | 04/12/2014 | Books |